Изкуствени ливади от люцерна, детелина, еспарзета (Запис номер 411352)
[ съкратено ]
| 000 -Лидер | |
|---|---|
| Контролно поле с фиксирана дължина | nam a22 a 4500 |
| 003 - Код на организацията, давaща контролен номер | |
| Контролно поле | BLK |
| 005 - Дата и час на последна редакция | |
| Контролно поле | 20210427084740.0 |
| 008 - Елементи от данни с фиксирана дължина | |
| fixed length control field | 210322b bu ||||| |||| 00| 0 bu d |
| 040 ## - Източник на каталожния запис | |
| Идентификатор на билиотеката - собственик на записа | BLK |
| 041 ## - Код за език | |
| Код за езика на текст/звукозапис или на отделно заглавие | Български |
| Код за езика КДБФ | Български |
| 080 ## - УДК | |
| Текстов определител УДК | Фуражни треви. Ливадни треви |
| УДК код - определител по УДК | 633.2 |
| УДК - код + определител | 633.2 |
| 139 ## - Редно поле | |
| Редна дума | Изкуствени ливади от люцерна, детелина, еспарзета |
| 245 ## - Сведения за заглавието | |
| Заглавие | Изкуствени ливади от люцерна, детелина, еспарзета |
| Редно поле (дума) | прев. от фр. Гр. Пасков ; прегл. от К. Хитилов |
| 260 ## - Област на издателските данни | |
| 9 (RLIN) | 217038 |
| Място на издаване, разпространение и проч. | София |
| Име на издателя, разпространителя и проч. | Александър Паскалев и сие |
| Година на издаване | 1918 |
| 300 ## - Физическа характеристика | |
| Страници | 47 с. |
| Размери/Мащаб | 15 см |
| 380 ## - Жанр | |
| Жанр | Селско стопанство |
| 490 ## - СЕРИИ (Колекции) | |
| 9 (RLIN) | 205254 |
| Име на серия | Библиотека Съвременен земледелец |
| №: серия | 10 |
| 650 #7 - Допълнително описание по предмет – тема | |
| 9 (RLIN) | 160880 |
| Основно описание – тема или топоним | Люцерна |
| 650 #7 - Допълнително описание по предмет – тема | |
| 9 (RLIN) | 160412 |
| Основно описание – тема или топоним | Ливадни и фуражни треви |
| 700 ## - Други автори (авторска отговорност) | |
| 9 (RLIN) | 315720 |
| Лично име | Пасков, Григор Г. |
| Автороска отговорност (Описва отношението между автора и произведението) | прев. от фр. |
| 700 1# - Други автори (авторска отговорност) | |
| 9 (RLIN) | 137146 |
| Лично име | Хитилов, Карл Фр. |
| Автороска отговорност (Описва отношението между автора и произведението) | прегл. |
| 852 ## - Местоположение | |
| Форматна сигнатура | Цб 6.155.10191 |
| Фондова буква | Хранилище |
| 999 ## - СИСТЕМНИ КОНТРОЛНИ НОМЕРА | |
| Koha biblionumber | 411352 |
| Koha biblioitemnumber | 411352 |
| 942 ## - АРТИКУЛИ | |
| Вид на библиотечния материал | Книги |
| Скрит в OPAC | Не |
| Периодичен библиозапис | Да |
| 944 ## - СЪЗДАВАНЕ И РЕДАКЦИЯ на ЗАПИСА | |
| Създаване/Редакция | Създаване |
| Дата на регистрацията/редакция | 2021-04-27 |
| Служител, извършил регистрацията/редакцията | НР |
| Код за отписване | Код за изгубен артикул | Източник на класификационната схема | Код за повреда | Коз за рестрикции | Код за отдаване | Артикулен № | Име на библиотеката - собственик | Име на библиотеката, в която се намира в момента | Статус (Текущо местоположение) | Дата на вписване в системата | Местоположение - отдел | Цена в лева | Инвентарен номер | Систематично азбучна сигнатура | Баркод | Цена в евро | Служебен тип на артикула |
|---|---|---|---|---|---|---|---|---|---|---|---|---|---|---|---|---|---|
| Не е изгубен | Universal Decimal Classification | Не е повреден | само за читалня | ползва се в читалня | 827125 | Регионална библиотека "Любен Каравелов" Русе | Регионална библиотека "Любен Каравелов" Русе | Хранилище | 2021-04-28 | Основен фонд - ползва се само за читалня | 0.04 | 10191 | Цб 6.155.10191 | 900000056186 | 0.02 | Книги |